All Country Flags That Are Only Three Stripes - Statistics

General Stats
  • This quiz has been taken 64 times
  • The average score is 20 of 25
Answer Stats
Hint Country % Correct
Blue, White and Red France
96%
Green, White and Orange Ireland
96%
Bue, Yellow and Red Romania
92%
White, Blue and Red Russia
92%
Black, Yellow and Red Belgium
90%
Black, Red and Yellow Germany
90%
Green, White and Red Italy
90%
Orange, White and Green Ivory Coast
88%
Blue, Black and White Estonia
86%
Red, White and Red Austria
84%
Red, White and Green Hungary
84%
Yellow, Green and Red Lithuania
82%
Red, White and Blue Netherlands
82%
Red, White and Red Latvia
80%
White, Green and Red Bulgaria
78%
Blue, Yellow and Red Chad
76%
Green, White and Green Nigeria
76%
Red, White and Black Yemen
75%
Red, White and Blue Luxembourg
71%
Green, Yellow and Red Mali
67%
Red, Blue and Yellow Armenia
63%
Yellow, Blue and Red Colombia
63%
Green, Yellow and Blue Gabon
61%
Red, Yellow and Green Guinea
57%
Green, White and Blue Sierra Leone
53%
No matching quizzes found
Score Distribution
Percent of People with Each Score
Percentile by Number Answered
Your Score History
You have not taken this quiz